Statistics for Countries of the World Quiz

Click here to take the quiz!

General Stats

  • This quiz has been taken 19 times
  • The average score is 149 of 196

Answers on the Map

Answers color-coded by a green-red scale on the quiz's map according to % correct below.
 

Answer Stats

Country% Correct
Australia
100%
Brazil
100%
Canada
100%
China
100%
Denmark
100%
Afghanistan
89%
Albania
89%
Angola
89%
Argentina
89%
Armenia
89%
Austria
89%
Azerbaijan
89%
Bahamas
89%
Bangladesh
89%
Barbados
89%
Belarus
89%
Belgium
89%
Bolivia
89%
Bosnia and
Herzegovina
89%
Botswana
89%
Bulgaria
89%
Chile
89%
Colombia
89%
Costa Rica
89%
Croatia
89%
Cuba
89%
Cyprus
89%
Czech Republic
89%
France
89%
Germany
89%
Iceland
89%
India
89%
Indonesia
89%
Israel
89%
Italy
89%
Japan
89%
Madagascar
89%
Mexico
89%
Mongolia
89%
Myanmar
89%
Peru
89%
Russia
89%
South Africa
89%
Spain
89%
United States
89%
Algeria
78%
Andorra
78%
Antigua and Barbuda
78%
Bahrain
78%
Belize
78%
Benin
78%
Brunei
78%
Burkina Faso
78%
Burundi
78%
Cambodia
78%
Cameroon
78%
Central African Republic
78%
Chad
78%
Comoros
78%
Democratic Republic
of the Congo
78%
Dominica
78%
Ecuador
78%
Egypt
78%
Eritrea
78%
Estonia
78%
Ethiopia
78%
Finland
78%
Gambia
78%
Georgia
78%
Greece
78%
Guatemala
78%
Guinea
78%
Guinea-Bissau
78%
Guyana
78%
Haiti
78%
Hungary
78%
Iran
78%
Iraq
78%
Ireland
78%
Ivory Coast
78%
Jamaica
78%
Jordan
78%
Kazakhstan
78%
Kenya
78%
Kosovo
78%
Kuwait
78%
Laos
78%
Latvia
78%
Libya
78%
Lithuania
78%
Mali
78%
Malta
78%
Mauritius
78%
Moldova
78%
Morocco
78%
Nepal
78%
Netherlands
78%
New Zealand
78%
Nicaragua
78%
Niger
78%
Nigeria
78%
North Korea
78%
North Macedonia
78%
Norway
78%
Oman
78%
Pakistan
78%
Panama
78%
Paraguay
78%
Philippines
78%
Poland
78%
Portugal
78%
Republic of the Congo
78%
Romania
78%
Saudi Arabia
78%
Slovakia
78%
Slovenia
78%
Somalia
78%
South Korea
78%
South Sudan
78%
Sudan
78%
Sweden
78%
Switzerland
78%
Thailand
78%
Turkey
78%
Ukraine
78%
United Kingdom
78%
Uruguay
78%
Vatican City
78%
Vietnam
78%
Yemen
78%
Bhutan
67%
Cape Verde
67%
Dominican Republic
67%
El Salvador
67%
Equatorial Guinea
67%
Eswatini
67%
Federated States of
Micronesia
67%
Fiji
67%
Ghana
67%
Grenada
67%
Lebanon
67%
Lesotho
67%
Liberia
67%
Liechtenstein
67%
Luxembourg
67%
Malawi
67%
Malaysia
67%
Maldives
67%
Mauritania
67%
Monaco
67%
Montenegro
67%
Mozambique
67%
Namibia
67%
Palau
67%
Papua New Guinea
67%
Qatar
67%
Rwanda
67%
Saint Kitts and Nevis
67%
San Marino
67%
São Tomé and Príncipe
67%
Senegal
67%
Serbia
67%
Seychelles
67%
Sierra Leone
67%
Sri Lanka
67%
Suriname
67%
Syria
67%
Taiwan
67%
Tanzania
67%
Trinidad and Tobago
67%
Tunisia
67%
Turkmenistan
67%
Uganda
67%
Uzbekistan
67%
Venezuela
67%
Zambia
67%
Zimbabwe
67%
Djibouti
56%
East Timor
56%
Gabon
56%
Honduras
56%
Kiribati
56%
Kyrgyzstan
56%
Marshall Islands
56%
Nauru
56%
Saint Lucia
56%
Saint Vincent and the
Grenadines
56%
Samoa
56%
Singapore
56%
Solomon Islands
56%
Tajikistan
56%
Togo
56%
Tonga
56%
Tuvalu
56%
United Arab Emirates
56%
Vanuatu
56%

Score Distribution

Percentile by Number Answered

Percent of People with Each Score

Your Score History

You have not taken this quiz